Les Personnages de Disney Click Quiz - Statistiques

Statistiques générales
  • Ce quiz a été pris 203 fois
  • Le résultat moyen est 25 sur 39
Statistiques - réponses
Hint Réponse % Correct
Jasmine Aladdin
91%
Elsa La Reine des neiges
87%
Anna La Reine des neiges
87%
Fée Clochette Peter Pan
87%
Olaf La Reine des neiges
86%
Scar Le Roi lion
86%
Kristoff La Reine des neiges
84%
Jafar Aladdin
82%
Belle La Belle et la Bête
82%
Timon Le Roi lion
81%
Mushu Mulan
80%
Lady La Belle et le Clochard
79%
Hans La Reine des neiges
78%
Flynn Rider Raiponce
78%
Rafiki Le Roi lion
73%
Gothel Raiponce
73%
Gaston La Belle et la Bête
72%
Wendy Darling Peter Pan
72%
Mouche Peter Pan
71%
Big Ben La Belle et la Bête
70%
Pascal Raiponce
69%
Zazu Le Roi lion
66%
Su Mulan
64%
Sultan Aladdin
62%
Iago Aladdin
61%
Ting Ting Mulan
55%
Sarabi Le Roi lion
53%
Jenny Foxworth Oliver et Compagnie
53%
Chien-Po Mulan
50%
Tito Oliver et Compagnie
50%
Georgette Oliver et Compagnie
50%
Michel Darling Peter Pan
50%
Lily la Tigresse Peter Pan
50%
Francis Oliver et Compagnie
43%
César La Belle et le Clochard
37%
Shenzi Le Roi lion
34%
Elizabeth Darling La Belle et le Clochard
20%
Stabbington Brother Raiponce
18%
Queen Iduna La Reine des neiges
12%
Aucun quiz correspondant
Distribution des résultats
% des personnes avec chaque résultat
Percentile par nombre de réponses
Votre historique - résultats
Vous n’avez pas pris ce quiz